000 02322cam a2200301 4500500
005 20251228080856.0
041 _afre
042 _adc
100 1 0 _aEuillet, Séverine
_eauthor
700 1 0 _aLacharité, Carl
_eauthor
245 0 0 _aL’enfant et ses parents : des sujets-clés en protection de l’enfance
260 _c2021.
500 _a80
520 _aSi l’État intervient dans la vie d’un enfant dont la sécurité ou le développement est compromis, c’est tout un système familial et institutionnel qui est concerné par les interventions mises en place. Interventions, dispositifs, lois qui évoluent au fil des périodes mais aussi des conceptions et des théories. Cet article vise à repérer les points de débat clés qui mobilisent ce champ et ses acteurs, à savoir : l’enfant et le parent. Parmi les nombreuses approches conceptuelles pouvant représenter des ressources pour penser l’enfant protégé et ses parents, certaines vont être mises en perspective au regard d’axes transversaux que sont la participation, la conception des besoins et la considération des perspectives des enfants et des parents.
520 _aIf the state intervenes in the life of a child whose security or development is compromised, it is an entire family and institutional system that is affected by the interventions put in place. Interventions, devices, laws that evolve over time but also conceptions and theories. This article aims to identify the key points of debate that mobilize this field and its actors, namely the child and the parent. Among the many conceptual approaches that may represent resources for thinking about the protected child and his parents, some will be put into perspective with regard to transversal axes such as participation, the conception of needs and the consideration of the perspectives of children and parents.
690 _abesoins
690 _adébats
690 _aenfants
690 _aparents
690 _aprotection de l’enfance
690 _aChild Protection
690 _achildren
690 _adebates
690 _aneeds
690 _aparents
786 0 _nVie sociale | 34-35 | 2 | 2021-05-31 | p. 127-140 | 0042-5605
856 4 1 _uhttps://shs.cairn.info/revue-vie-sociale-2021-2-page-127?lang=fr&redirect-ssocas=7080
999 _c1599089
_d1599089